|
|
|
|
| LEADER |
00777nam a2200205 a 4500 |
| 001 |
GR-Patra13826 |
| 008 |
980116s2013 gr g 001 b gre d |
| 040 |
|
|
|a GrPaTEI
|b gre
|c GR-PaULI
|
| 040 |
|
|
|a GrPaTEI
|b gre
|c GR-PaULI
|
| 084 |
|
|
|a Μ
|
| 100 |
1 |
|
|a Munro, Alice
|
| 245 |
1 |
0 |
|a Μ' αγαπάει δεν μ' αγαπάει /
|c Άλις Μονρό.
|
| 260 |
|
|
|a Αθήνα :
|b Μεταίχμιο,
|c 2013
|
| 300 |
|
|
|a 443σ.
|
| 650 |
|
4 |
|a Ξένη λογοτεχνία
|x Μυθιστόρημα
|
| 710 |
0 |
|
|a Μεταίχμιο
|
| 942 |
|
|
|2 ddc
|
| 952 |
|
|
|0 0
|1 0
|2 ddc
|4 0
|6 Μ_MUN
|7 0
|9 292851
|a LISK
|b LISK
|c BSC
|d 2021-01-17
|e 24
|f 0
|g 0.00
|l 0
|o Μ MUN
|p 92410059536
|r 2021-01-17 00:00:00
|t 1
|w 2021-01-17
|y BK15
|x 20140602 0 1
|x GrPaTEI
|
| 971 |
|
|
|a .b26613414
|b 16-04-20
|c 23-09-16
|
| 999 |
|
|
|c 171172
|d 171172
|